Comaring varieties of lettuce in dry season at royal university of agriculture ការប្រៀបធៀបពូជដំណាំសាលាដ ក្នុងលក្ខខណ្ឌរដូវប្រាំង នៅសាកលវិទ្យាល័យភូមិន្ទកសិកម្ម (Record no. 894)

000 -LEADER
fixed length control field 00672nam a22001577a 4500
003 - CONTROL NUMBER IDENTIFIER
control field OSt
005 - DATE AND TIME OF LATEST TRANSACTION
control field 20150920112225.0
008 - FIXED-LENGTH DATA ELEMENTS--GENERAL INFORMATION
fixed length control field 150920b xxu||||| |||| 00| 0 eng d
040 ## - CATALOGING SOURCE
Transcribing agency RUA
082 ## - DEWEY DECIMAL CLASSIFICATION NUMBER
Classification number AGR PHE 2008 B038 Or.1
100 ## - MAIN ENTRY--PERSONAL NAME
9 (RLIN) 927
Personal name PHENG, VIYOURA.
245 ## - TITLE STATEMENT
Title Comaring varieties of lettuce in dry season at royal university of agriculture ការប្រៀបធៀបពូជដំណាំសាលាដ ក្នុងលក្ខខណ្ឌរដូវប្រាំង នៅសាកលវិទ្យាល័យភូមិន្ទកសិកម្ម
260 ## - PUBLICATION, DISTRIBUTION, ETC. (IMPRINT)
Place of publication, distribution, etc. Phnom Penh
Name of publisher, distributor, etc. RUA
Date of publication, distribution, etc. 2008
300 ## - PHYSICAL DESCRIPTION
Extent x; 48p.
Other physical details ill.
Dimensions 29cm.
942 ## - ADDED ENTRY ELEMENTS (KOHA)
Source of classification or shelving scheme
Koha item type AGR
Holdings
Price effective from Date last seen Permanent Location Not for loan Date acquired Source of classification or shelving scheme Koha item type Lost status Withdrawn status Total Renewals Date last checked out Total Checkouts Shelving location Damaged status Barcode Current Location Full call number
2015-09-202022-02-15Library Block B 2015-09-20 AGR   2022-01-283B038 RUA000980Library Block BAGR PHE 2008 B038 Or.1
2015-09-202023-04-24Library Block B 2015-09-20 AGR   2023-03-146B038 RUA000993Library Block BAGR PHE 2008 B038 Or.2
2015-09-202024-05-07Library Block B 2015-09-20 AGR   2023-12-125B038 RUA000919Library Block BAGR PHE 2008 B038 Or.3
2015-09-202019-12-02Library Block B 2015-09-20 AGR  12019-11-056B038 RUA000988Library Block BAGR PHE 2008 B038 Or.4
2015-09-202023-12-25Library Block B 2015-09-20 AGR  22023-10-187B038 RUA000927Library Block BAGR PHE 2008 B038 Or.5
មជ្ឈមណ្ឌលឯការនៃសាកលវិទ្យាល័យភូមិន្ទកសិកម្មចំការដូង

Powered by Koha